Debating design: (Record no. 8757)

MARC details
000 -LEADER
fixed length control field 00654nam a22002297a 4500
003 - CONTROL NUMBER IDENTIFIER
control field OSt
005 - DATE AND TIME OF LATEST TRANSACTION
control field 20240624144936.0
008 - FIXED-LENGTH DATA ELEMENTS--GENERAL INFORMATION
fixed length control field 240624b |||||||| |||| 00| 0 eng d
020 ## - INTERNATIONAL STANDARD BOOK NUMBER
International Standard Book Number 9780521709903
040 ## - CATALOGING SOURCE
Transcribing agency must
082 ## - DEWEY DECIMAL CLASSIFICATION NUMBER
Classification number 576.8 DEB 2006
245 ## - TITLE STATEMENT
Title Debating design:
Remainder of title from darwin to DNA/
Statement of responsibility, etc. edited by William A. Dembski and Michael Ruse.
260 ## - PUBLICATION, DISTRIBUTION, ETC. (IMPRINT)
Place of publication, distribution, etc. Cambridge;
260 ## - PUBLICATION, DISTRIBUTION, ETC. (IMPRINT)
Place of publication, distribution, etc. New york:
Name of publisher, distributor, etc. Cambridge University press;
Date of publication, distribution, etc. c2006.
300 ## - PHYSICAL DESCRIPTION
Extent xiii,405p.:
Dimensions 22cm.
504 ## - BIBLIOGRAPHY, ETC. NOTE
Bibliography, etc Includes index
600 ## - SUBJECT ADDED ENTRY--PERSONAL NAME
Source of heading or term Evolution (biology)
600 ## - SUBJECT ADDED ENTRY--PERSONAL NAME
Source of heading or term inteligent design
600 ## - SUBJECT ADDED ENTRY--PERSONAL NAME
Source of heading or term Evolution
600 ## - SUBJECT ADDED ENTRY--PERSONAL NAME
Source of heading or term self-organising systems
942 ## - ADDED ENTRY ELEMENTS (KOHA)
Source of classification or shelving scheme Other/Generic Classification Scheme
Koha item type Open Shelf
Holdings
Withdrawn status Lost status Source of classification or shelving scheme Damaged status Not for loan Home library Current library Date acquired Source of acquisition Inventory number Total Checkouts Full call number Barcode Date last seen Price effective from Koha item type
    Other/Generic Classification Scheme     MUST Main Library MUST Main Library 24/06/2024 donation 10/32061   576.8 DEB 2006 2024-21125 24/06/2024 24/06/2024 Open Shelf